• 首页
  • 本馆介绍
  • 公告通知
  • 最新文献
  • 馆藏检索
  • 电子资源
  • 读者导购
  • 参考咨询
  • 我的图书馆
  • 登录
  • 详细信息显示
  • 放入我的书架
  • 预约/预借图书
  • 作者相关作品
  • 分类相关作品
  • 丛书相关作品
  • 出版社相关作品

书目信息

  • 表格格式
  • 工作单格式
  • 卡片格式
题名:
北京市特级教师三十年
    
 
作者: 刘利民 主编
分册:  
出版信息: 北京   教育科学出版社  2012
页数: 345页
开本: 24cm
丛书名:
单 册:
中图分类: G451.1
科图分类:
主题词: 优秀教师--评估--制度--北京--1979-2009
电子资源:
ISBN: 978-7-5041-5596-2
000 00903nam0 2200241 450
001 338008
005 20150529084630.15
010    @a978-7-5041-5596-2@dCNY45.00
100    @a20120815d2012 em y0chiy50 ea
101 0  @achi
102    @aCN@b110000
105    @ay z 000yd
106    @ar
200 1  @a北京市特级教师三十年@Abei jing shi te ji jiao shi san shi nian@e1979-2009@f刘利民主编
210    @a北京@c教育科学出版社@d2012
215    @a345页@d24cm
304    @a北京市教育委员会人事处、北京教育科学研究院教师研究中心组织编写
330    @a本书为北京特级教师评选制度建立三十年 (1979-2009) 以来的相关政策、史料的汇集与整理, 内容具体涉及特级教师的相关政策、北京市特级教师大事记、历年评选的特级教师名单及简介。
606 0  @a优秀教师@x评估@x制度@y北京@z1979-2009
690    @aG451.1@v5
701  0 @a刘利民@Aliu li min@c(教育)@4主编
801  0 @aCN@b卓展宏图@c20150525
905    @dG451.1@e130@f3
    
    北京市特级教师三十年:1979-2009/刘利民主编.-北京:教育科学出版社,2012
    345页;24cm
    
    
    ISBN 978-7-5041-5596-2:CNY45.00
    本书为北京特级教师评选制度建立三十年 (1979-2009) 以来的相关政策、史料的汇集与整理, 内容具体涉及特级教师的相关政策、北京市特级教师大事记、历年评选的特级教师名单及简介。
●
相关链接 在E读中查询图书 在五车中查询图书 在当当中查询图书 在豆瓣中查询图书


正题名:北京市特级教师三十年     索取号:G451.1/130         预约/预借

序号 登录号 条形码 馆藏地/架位号 状态 备注
1 857080   208570802   第一样本阅览室/ [索取号:G451.1/130] 在馆    
2 857081   208570811   教育系资料室/ [索取号:G451.1/130] 在馆    
3 857082   208570820   第四借阅区/ [索取号:G451.1/130] 在馆    
唐山师范学院图书馆 欢迎您!
大连网信软件有限公司© 版权所有